Engineering economy (Record no. 1549)

000 -LEADER
fixed length control field 00674nam a22002294a 4500
001 - CONTROL NUMBER
control field 1549
003 - CONTROL NUMBER IDENTIFIER
control field BD-DhUET
008 - FIXED-LENGTH DATA ELEMENTS--GENERAL INFORMATION
fixed length control field 000424s2001 njua b 001 0 eng
020 ## - INTERNATIONAL STANDARD BOOK NUMBER
International Standard Book Number 013028128X
040 ## - CATALOGING SOURCE
Original cataloging agency DLC
Transcribing agency DLC
Modifying agency BD-DhUET
082 00 - DEWEY DECIMAL CLASSIFICATION NUMBER
Classification number 620.02
Item number THU/2001
100 ## - MAIN ENTRY--PERSONAL NAME
Personal name Thuesen, G. J.
245 10 - TITLE STATEMENT
Title Engineering economy
Statement of responsibility, etc. by G.J. Thuesen and W.J. Fabrycky
250 ## - EDITION STATEMENT
Edition statement 9th ed.
260 ## - PUBLICATION, DISTRIBUTION, ETC. (IMPRINT)
Place of publication, distribution, etc. New Jersy
Name of publisher, distributor, etc. Prentice Hall
Date of publication, distribution, etc. 2001
300 ## - PHYSICAL DESCRIPTION
Extent xiv, 637 p.
Other physical details ill.
Dimensions 25 cm.
490 ## - SERIES STATEMENT
Series statement Prentice hall international series in industrial and sytems engineering
504 ## - BIBLIOGRAPHY, ETC. NOTE
Bibliography, etc Includes bibliographies
650 #0 - SUBJECT ADDED ENTRY--TOPICAL TERM
Topical term or geographic name as entry element Engineering economy
700 1# - ADDED ENTRY--PERSONAL NAME
Personal name Fabrycky, W. J.
942 ## - ADDED ENTRY ELEMENTS (KOHA)
Koha item type General Book
Holdings
Date acquired Not for loan Koha date last borrowed Piece designation (barcode) Koha normalized classification for sorting Source of classification or shelving scheme Damaged status Koha issues (times borrowed) Lost status Location (home branch) Withdrawn status Sublocation or collection (holding branch) Koha date last seen Koha item type Koha full call number Price effective from Copy number Shelving location
2014-09-08  102596620_000000000000000_02THU2001    Central Library, BUET Central Library, BUET2014-09-08General Book620.02/THU/20012014-09-081Circulation section
2014-09-08  102594620_000000000000000_02THU2001    Central Library, BUET Central Library, BUET2014-09-08General Book620.02/THU/20012014-09-082Circulation section
2014-09-08 2021-11-29102590620_000000000000000_02THU2001  1 Central Library, BUET Central Library, BUET2021-12-20General Book620.02/THU/20012014-09-083Circulation section
2014-09-08  102595620_000000000000000_02THU2001    Central Library, BUET Central Library, BUET2014-09-08General Book620.02/THU/20012014-09-084Circulation section
2014-09-08  102589620_000000000000000_02THU2001    Central Library, BUET Central Library, BUET2014-09-08General Book620.02/THU/20012014-09-085Circulation section
2014-09-08  102588620_000000000000000_02THU2001    Central Library, BUET Central Library, BUET2014-09-08General Book620.02/THU/20012014-09-086Circulation section
2014-09-08 2022-03-21102592620_000000000000000_02THU2001  2 Central Library, BUET Central Library, BUET2022-04-16General Book620.02/THU/20012014-09-088Circulation section
2014-09-08  102591620_000000000000000_02THU2001    Central Library, BUET Central Library, BUET2014-09-08General Book620.02/THU/20012014-09-089Circulation section
2014-09-15  102593620_000000000000000_02THU2001    Central Library, BUET Central Library, BUET2014-09-15General Book620.02/THU/20012014-09-1510Circulation section
2014-09-27 2021-12-04101877620_000000000000000_02THU2001  3 Central Library, BUET Central Library, BUET2021-12-20General Book620.02/THU/20012014-09-2711Circulation section
2014-10-19  112838620_000000000000000_02THU2001    Central Library, BUET Central Library, BUET2014-10-19General Book620.02/THU/20012014-10-1912Circulation section
2014-11-23  101878620_020000000000000_THU_2001    Central Library, BUET Central Library, BUET2014-11-23General Book620.02/THU/20012014-11-2313Circulation section